书目信息 |
| 题名: |
数控原理与系统
|
|
| 作者: | 李宏胜 主编 | |
| 分册: | ||
| 出版信息: | 北京 机械工业出版社 1997.05 |
|
| 页数: | 140页 | |
| 开本: | 26cm | |
| 丛书名: | ||
| 单 册: | ||
| 中图分类: | TH , TG659-43 | |
| 科图分类: | ||
| 主题词: | 组合机床 , 组合机床--加工 | |
| 电子资源: | ||
| ISBN: | 7-111-05636-1 | |
| 000 | 00612nam0 2200217 45 | |
| 001 | 0354400367 | |
| 005 | 2003032815064007 | |
| 010 | @a7-111-05636-1@dRMB 13.00 | |
| 100 | @a20030328d1997 km y0chiy0120 ea | |
| 101 | 0 | @achi |
| 102 | @aCN@b110000 | |
| 200 | 1 | @a数控原理与系统@Ashu kong yuan li yu xi tong@f李宏胜主编@Fli hong sheng zhu bian |
| 210 | @a北京@c机械工业出版社@d1997.05 | |
| 215 | @a140页@d26cm | |
| 606 | 0 | @a组合机床 |
| 606 | 0 | @a组合机床@x加工 |
| 690 | @aTH@v3 | |
| 690 | @aTG659-43@v4 | |
| 701 | 0 | @a李宏胜@Ali hong sheng@4主编 |
| 801 | 0 | @aCN@bPFT@c20030328 |
| 905 | @a10447@dTG659-43@eL1701 | |
| 数控原理与系统/李宏胜主编.-北京:机械工业出版社,1997.05 |
| 140页;26cm |
| ISBN 7-111-05636-1:RMB 13.00 |
| ● |
| 相关链接 |
|
|
|
正题名:数控原理与系统
索取号:TG659-43/L1701
 
预约/预借
| 序号 | 登录号 | 条形码 | 馆藏地/架位号 | 状态 | 备注 |
| 1 | 366991 | 203669912 | 自科二线400A/400A自科库 27排1列2层/ [索取号:TG659-43/L1701] | 在馆 | |
| 2 | 366992 | 203669921 | 自科库501/501自科库 29排1列2层/ [索取号:TG659-43/L1701] | 在馆 |